[Event "Montreal op U2000"]
[Site "Montreal CAN"]
[Date "2011.09.09"]
[Round "1"]
[White "Dominique, Vladimir"]
[Black "Girard, Sylvain"]
[Result "1/2-1/2"]
[WhiteElo "1829"]
[BlackElo "1605"]
[PlyCount "187"]
[GameId "2160767909648477"]
[EventDate "2011.09.09"]
[EventType "swiss"]
[EventRounds "5"]
[EventCountry "CAN"]
[SourceTitle "EXT 2022"]
[Source "ChessBase"]
[SourceDate "2021.10.06"]
[SourceVersion "1"]
[SourceVersionDate "2021.10.06"]
[SourceQuality "1"]

1. e4 c5 2. Nf3 d6 3. d4 cxd4 4. Nxd4 Nf6 5. Nc3 a6 6. Be2 g6 7. Be3 Bg7 8. O-O O-O 9. a4 Nc6 10. Kh1 e5 11. Nxc6 bxc6 12. a5 c5 13. f4 Qc7 14. fxe5 dxe5 15. Nd5 Nxd5 16. Qxd5 Be6 17. Qxc5 Qb7 18. Qb6 Qc8 19. Bd3 f5 20. Ra3 f4 21. Rc3 Qe8 22. Bc5 Rf6 23. Bd6 Bd7 24. Bc4+ Be6 25. Bxa6 Bg4 26. Bb5 Rxd6 27. Bxe8 Rxb6 28. Bf7+ Kxf7 29. Rc7+ Kg8 30. axb6 Rb8 31. b7 Bf8 32. h3 Be6 33. Rd1 g5 34. c4 h5 35. c5 g4 36. hxg4 Bxg4 37. Ra1 f3 38. gxf3 Bxf3+ 39. Kh2 Bxe4 40. Rg1+ Kh8 41. c6 Bxc6 42. Rxc6 Rxb7 43. Rc8 Rf7 44. Rb1 Kh7 45. b4 Bh6 46. b5 Kg6 47. Rc6+ Kg7 48. b6 Bf4+ 49. Kg2 e4 50. Rf1 e3 51. Rc2 Kh6 52. b7 Rg7+ 53. Kf3 Rxb7 54. Rc6+ Kh7 55. Rh1 Rf7 56. Rxh5+ Kg7 57. Ke2 Kg8 58. Rg6+ Kf8 59. Rh8+ Ke7 60. Ra8 Kd7 61. Ra7+ Bc7 62. Kxe3 Kc8 63. Ke4 Kb8 64. Rga6 Kc8 65. Kd5 Rf5+ 66. Ke6 Rf2 67. Rc6 Re2+ 68. Kf7 Rf2+ 69. Kg6 Rg2+ 70. Kh7 Rh2+ 71. Kg8 Rg2+ 72. Kf7 Rf2+ 73. Ke7 Re2+ 74. Kf6 Rf2+ 75. Kg6 Rg2+ 76. Kf5 Rf2+ 77. Ke6 Re2+ 78. Kd5 Rd2+ 79. Ke4 Rd7 80. Ra2 Kb7 81. Rac2 Bb6 82. R6c4 Bc7 83. Rb2+ Kc8 84. Rb1 Kd8 85. Rbc1 Kc8 86. Kf5 Kd8 87. Kf6 Rd6+ 88. Kf7 Rd7+ 89. Kg8 Kc8 90. Kf8 Kd8 91. R1c2 Bd6+ 92. Kg8 Bc7 93. Ra2 Kc8 94. Ra7 1/2-1/2

[Event "Montreal op U2000"]
[Site "Montreal CAN"]
[Date "2011.09.09"]
[Round "1"]
[White "Efpraxiadis, Jean"]
[Black "Wu, Qiyou"]
[Result "0-1"]
[WhiteElo "1670"]
[BlackElo "1903"]
[PlyCount "94"]
[GameId "2160767909648478"]
[EventDate "2011.09.09"]
[EventType "swiss"]
[EventRounds "5"]
[EventCountry "CAN"]
[SourceTitle "EXT 2022"]
[Source "ChessBase"]
[SourceDate "2021.10.06"]
[SourceVersion "1"]
[SourceVersionDate "2021.10.06"]
[SourceQuality "1"]

1. e4 c5 2. Nc3 Nc6 3. Bb5 d6 4. Bxc6+ bxc6 5. f4 Nf6 6. Nf3 g6 7. O-O Bg7 8. d3 O-O 9. Qe1 Qb6 10. e5 Nd5 11. Na4 Qb4 12. Qxb4 cxb4 13. c4 bxc3 14. Nxc3 Nb4 15. exd6 exd6 16. Ne1 Bf5 17. Rf3 Rfe8 18. Bd2 Re7 19. a3 Na6 20. Kf1 Rae8 21. b4 Bg4 22. Rf2 Bd4 23. h3 Bxf2 24. Kxf2 Bf5 25. g4 Bc8 26. Ne4 Kf8 27. Bc3 d5 28. Nf6 Re2+ 29. Kf1 R8e6 30. Nxh7+ Ke7 31. Ng5 Rh2 32. Nxe6 Bxe6 33. Bd4 Rxh3 34. Bxa7 Bxg4 35. Rc1 Kd7 36. Kg2 Rh8 37. Nf3 Bxf3+ 38. Kxf3 Nc7 39. Bf2 Ne6 40. a4 Rh3+ 41. Bg3 Nd4+ 42. Kg4 Rxg3+ 43. Kxg3 Ne2+ 44. Kg4 Nxc1 45. d4 Ne2 46. f5 Nxd4 47. fxg6 fxg6 0-1

[Event "Montreal op U2000"]
[Site "Montreal CAN"]
[Date "2011.09.09"]
[Round "1"]
[White "Gilbert, Erick"]
[Black "Wang, Yan"]
[Result "0-1"]
[WhiteElo "1805"]
[BlackElo "1587"]
[PlyCount "70"]
[GameId "2160767909648479"]
[EventDate "2011.09.09"]
[EventType "swiss"]
[EventRounds "5"]
[EventCountry "CAN"]
[SourceTitle "EXT 2022"]
[Source "ChessBase"]
[SourceDate "2021.10.06"]
[SourceVersion "1"]
[SourceVersionDate "2021.10.06"]
[SourceQuality "1"]

1. Nf3 Nf6 2. c4 c5 3. Nc3 Nc6 4. d4 cxd4 5. Nxd4 Qb6 6. Ndb5 a6 7. Na4 Qa5+ 8. Bd2 Nb4 9. Nbc3 b5 10. a3 bxa4 11. axb4 Qxb4 12. Nd5 Qb7 13. Nc3 g6 14. f3 Bg7 15. Rb1 d6 16. e3 O-O 17. Nxa4 Be6 18. Bd3 Rac8 19. b3 Rfd8 20. Ba5 Rf8 21. O-O Nd7 22. Qe2 Nc5 23. Nxc5 Rxc5 24. b4 Rcc8 25. Rfd1 Qc6 26. Rbc1 Rb8 27. c5 dxc5 28. Rxc5 Qa4 29. Bxa6 Ra8 30. Rcc1 Bb3 31. Re1 Qa3 32. Bb7 Rab8 33. Be4 Be6 34. Rc5 Bc3 35. Qc2 Bxe1 0-1

[Event "Montreal op U2000"]
[Site "Montreal CAN"]
[Date "2011.09.09"]
[Round "1"]
[White "Guo, Forest"]
[Black "Chesnut, Walter"]
[Result "1-0"]
[WhiteElo "1897"]
[BlackElo "1648"]
[PlyCount "101"]
[GameId "2160767909648480"]
[EventDate "2011.09.09"]
[EventType "swiss"]
[EventRounds "5"]
[EventCountry "CAN"]
[SourceTitle "EXT 2022"]
[Source "ChessBase"]
[SourceDate "2021.10.06"]
[SourceVersion "1"]
[SourceVersionDate "2021.10.06"]
[SourceQuality "1"]

1. e4 e5 2. Nf3 Nc6 3. Bb5 a6 4. Ba4 Nf6 5. Qe2 b5 6. Bb3 Bc5 7. c3 O-O 8. d3 h6 9. Be3 Ba7 10. Nbd2 d6 11. h3 Na5 12. Bc2 c5 13. Nf1 Nc6 14. g4 d5 15. Ng3 dxe4 16. dxe4 Be6 17. Nd2 c4 18. Nf5 Bxe3 19. Nxe3 Nd7 20. Rd1 Qe7 21. Ndf1 Nc5 22. Ng3 g6 23. Nd5 Bxd5 24. exd5 Nd8 25. Qe3 Kg7 26. d6 Qa7 27. Qxe5+ Kh7 28. O-O Nc6 29. Qd5 Qb6 30. Rfe1 Nd7 31. Ne4 Rae8 32. Ng3 Nf6 33. Qf3 Kg7 34. Ne4 Nxe4 35. Rxe4 Ne5 36. Qg2 Nd7 37. Re7 Nf6 38. Rb7 Qc5 39. Rc7 Qe5 40. Qf3 Rd8 41. Rc6 a5 42. Qe3 Rfe8 43. Qxe5 Rxe5 44. Kf1 a4 45. Rc7 Nd5 46. Rc6 Nf4 47. d7 Rd5 48. Rxd5 Nxd5 49. Rd6 Nf6 50. Ke2 Nxd7 51. Rd5 1-0

[Event "Montreal op U2000"]
[Site "Montreal CAN"]
[Date "2011.09.09"]
[Round "1"]
[White "Haussler, Daniel"]
[Black "Duplessis, Jean-Roch"]
[Result "1-0"]
[WhiteElo "1952"]
[BlackElo "1730"]
[PlyCount "81"]
[GameId "2160767909648481"]
[EventDate "2011.09.09"]
[EventType "swiss"]
[EventRounds "5"]
[EventCountry "CAN"]
[SourceTitle "EXT 2022"]
[Source "ChessBase"]
[SourceDate "2021.10.06"]
[SourceVersion "1"]
[SourceVersionDate "2021.10.06"]
[SourceQuality "1"]

1. d4 e6 2. c4 Bb4+ 3. Bd2 Qe7 4. e3 Nf6 5. Bd3 b6 6. Nf3 O-O 7. O-O Bxd2 8. Nbxd2 d5 9. Rc1 c5 10. Ne5 Bb7 11. Bb1 Nbd7 12. f4 Rfc8 13. Qe1 Rc7 14. Qh4 Nf8 15. b3 Rac8 16. Rce1 cxd4 17. exd4 Qb4 18. Rf2 b5 19. Nd3 Qc3 20. f5 bxc4 21. Rc1 Qa5 22. Nc5 Qa3 23. Rcf1 c3 24. Nf3 Rxc5 25. dxc5 Qxc5 26. Kh1 Ne4 27. Bxe4 dxe4 28. Ne1 Ba6 29. fxe6 fxe6 30. b4 Qd6 31. Qxe4 Bxf1 32. Rxf1 e5 33. Nc2 Ne6 34. Qb7 Qc7 35. Qd5 Re8 36. Re1 Kh8 37. Rxe5 Qf7 38. Re1 Rd8 39. Qxe6 Qxe6 40. Rxe6 Rd1+ 41. Re1 1-0

[Event "Montreal op U2000"]
[Site "Montreal CAN"]
[Date "2011.09.09"]
[Round "1"]
[White "He, Shao Hang"]
[Black "Gerard, Patrice"]
[Result "0-1"]
[WhiteElo "1609"]
[BlackElo "1859"]
[PlyCount "74"]
[GameId "2160767909648482"]
[EventDate "2011.09.09"]
[EventType "swiss"]
[EventRounds "5"]
[EventCountry "CAN"]
[SourceTitle "EXT 2022"]
[Source "ChessBase"]
[SourceDate "2021.10.06"]
[SourceVersion "1"]
[SourceVersionDate "2021.10.06"]
[SourceQuality "1"]

1. d4 g6 2. c4 Bg7 3. Nc3 c5 4. d5 d6 5. e4 Nf6 6. f4 Nbd7 7. Nf3 O-O 8. Bd3 Ne8 9. O-O e5 10. f5 Ndf6 11. Bg5 Qb6 12. Qd2 Qb4 13. Nb5 gxf5 14. Bxf6 Nxf6 15. Qxb4 cxb4 16. Nxd6 fxe4 17. Nxe4 Nxe4 18. Bxe4 f5 19. Bc2 e4 20. Nd2 Bxb2 21. Rab1 Bc3 22. Nb3 a5 23. Rbd1 b6 24. Nd4 Bxd4+ 25. Rxd4 Bd7 26. Re1 Rac8 27. Re3 b5 28. d6 Rxc4 29. Bb3 Rfc8 30. Bxc4+ bxc4 31. Re2 c3 32. Rc2 Kf7 33. Rd5 a4 34. Rd1 b3 35. axb3 axb3 36. Rf2 c2 37. Rc1 b2 0-1

[Event "Montreal op U2000"]
[Site "Montreal CAN"]
[Date "2011.09.09"]
[Round "1"]
[White "Joanis, Marc-Andre"]
[Black "Lopez Linares, Lizandro"]
[Result "0-1"]
[WhiteElo "1767"]
[BlackElo "1981"]
[PlyCount "54"]
[GameId "2160767909648483"]
[EventDate "2011.09.09"]
[EventType "swiss"]
[EventRounds "5"]
[EventCountry "CAN"]
[SourceTitle "EXT 2022"]
[Source "ChessBase"]
[SourceDate "2021.10.06"]
[SourceVersion "1"]
[SourceVersionDate "2021.10.06"]
[SourceQuality "1"]

1. d4 Nf6 2. Nf3 d5 3. c4 e6 4. Nc3 Be7 5. Bg5 O-O 6. e3 h6 7. Bh4 Ne4 8. Bxe7 Qxe7 9. Rc1 c6 10. Bd3 Nxc3 11. Rxc3 dxc4 12. Bxc4 Nd7 13. O-O e5 14. Nxe5 Nxe5 15. dxe5 Qxe5 16. f4 Qe4 17. f5 Bxf5 18. Rf4 Qe5 19. Qh5 g5 20. Rxf5 Qxf5 21. h4 Kg7 22. e4 Qg6 23. Qe2 Rae8 24. hxg5 hxg5 25. Rh3 Qxe4 26. Qh5 Qg6 27. Qg4 Re4 0-1

[Event "Montreal op U2000"]
[Site "Montreal CAN"]
[Date "2011.09.09"]
[Round "1"]
[White "Manailoiu, Dragos"]
[Black "Leitch, Darcy"]
[Result "0-1"]
[WhiteElo "1731"]
[BlackElo "1815"]
[PlyCount "72"]
[GameId "2160767909648484"]
[EventDate "2011.09.09"]
[EventType "swiss"]
[EventRounds "5"]
[EventCountry "CAN"]
[SourceTitle "EXT 2022"]
[Source "ChessBase"]
[SourceDate "2021.10.06"]
[SourceVersion "1"]
[SourceVersionDate "2021.10.06"]
[SourceQuality "1"]

1. d4 Nf6 2. Nc3 d5 3. Bg5 Bf5 4. f3 c6 5. e4 Bg6 6. e5 Nfd7 7. Bd3 Bxd3 8. Qxd3 Qb6 9. O-O-O e6 10. Be3 Qa6 11. Nge2 Qxd3 12. Rxd3 a6 13. f4 c5 14. dxc5 Bxc5 15. Bxc5 Nxc5 16. Rg3 g6 17. b4 Ncd7 18. Kb2 Nc6 19. Kb3 Ke7 20. Rd1 Nb6 21. Na4 Nc4 22. Nb2 b5 23. Nd4 Nxd4+ 24. Rxd4 a5 25. a3 axb4 26. Nxc4 bxc4+ 27. Kxb4 Rhb8+ 28. Kc5 Kd7 29. Rd1 Rb2 30. Rc3 Ra5+ 31. Kd4 Ra2 32. Rb1 Kc7 33. Rbb3 Ra7 34. g4 Ra1 35. f5 Rd1+ 36. Ke3 d4+ 0-1

[Event "Montreal op U2000"]
[Site "Montreal CAN"]
[Date "2011.09.09"]
[Round "1"]
[White "Morin, Louis"]
[Black "Perna-Fraser, David"]
[Result "1/2-1/2"]
[WhiteElo "1861"]
[BlackElo "1630"]
[PlyCount "125"]
[GameId "2160767909648486"]
[EventDate "2011.09.09"]
[EventType "swiss"]
[EventRounds "5"]
[EventCountry "CAN"]
[SourceTitle "EXT 2022"]
[Source "ChessBase"]
[SourceDate "2021.10.06"]
[SourceVersion "1"]
[SourceVersionDate "2021.10.06"]
[SourceQuality "1"]

1. e4 c5 2. d4 cxd4 3. c3 e5 4. Nf3 dxc3 5. Nxc3 Nc6 6. Bc4 h6 7. O-O Nf6 8. Qb3 Na5 9. Bxf7+ Ke7 10. Nd5+ Kxf7 11. Nxe5+ Ke8 12. Nc7+ Qxc7 13. Qf7+ Kd8 14. Ng6 d6 15. Qxc7+ Kxc7 16. Nxh8 Nxe4 17. Ng6 Bf5 18. Nxf8 Rxf8 19. Be3 Nc6 20. Rac1 Kd7 21. Rfd1 Re8 22. a3 b6 23. b4 Re6 24. f3 Nf6 25. Bf2 Re2 26. Rc3 Ne5 27. Re3 Rxe3 28. Bxe3 Nc4 29. Bf4 b5 30. g4 Be6 31. h4 Nd5 32. Bc1 Nc3 33. Re1 Bd5 34. Kf2 Ne5 35. Ke3 Nxf3 36. Rf1 Ne5 37. g5 Bc4 38. Rf8 hxg5 39. hxg5 Ke6 40. Ra8 d5 41. Rxa7 d4+ 42. Kd2 g6 43. Kc2 Kf5 44. Bb2 Ne2 45. a4 bxa4 46. Rxa4 d3+ 47. Kd2 Nf3+ 48. Ke3 Nxg5 49. Ra5+ Kg4 50. Rc5 Ba6 51. b5 Bb7 52. Kxd3 Nf4+ 53. Kc4 Nge6 54. Re5 g5 55. Bc1 Nc7 56. Re7 Bd5+ 57. Kc5 Nd3+ 58. Kd6 Nxb5+ 59. Kxd5 Nxc1 60. Rg7 Nc3+ 61. Kd4 N1e2+ 62. Kd3 Kf4 63. Rxg5 1/2-1/2

[Event "Montreal op U2000"]
[Site "Montreal CAN"]
[Date "2011.09.09"]
[Round "1"]
[White "Nikulich, Oleksandr"]
[Black "Mathews, Theo"]
[Result "1-0"]
[WhiteElo "1932"]
[BlackElo "1721"]
[PlyCount "77"]
[GameId "2160767909648487"]
[EventDate "2011.09.09"]
[EventType "swiss"]
[EventRounds "5"]
[EventCountry "CAN"]
[SourceTitle "EXT 2022"]
[Source "ChessBase"]
[SourceDate "2021.10.06"]
[SourceVersion "1"]
[SourceVersionDate "2021.10.06"]
[SourceQuality "1"]

1. e4 e5 2. Nf3 Nf6 3. Nxe5 d6 4. Nf3 Nxe4 5. d4 d5 6. Bd3 Be7 7. O-O Nc6 8. Re1 Bg4 9. Bxe4 dxe4 10. Rxe4 Bxf3 11. Qxf3 Nxd4 12. Qc3 Ne6 13. Nd2 O-O 14. Nf3 Bf6 15. Qe1 Qd5 16. Ne5 Rad8 17. g3 Nc5 18. Re2 Rfe8 19. Bf4 g5 20. Ng4 Rxe2 21. Nxf6+ Kg7 22. Nh5+ Kf8 23. Qxe2 gxf4 24. Nxf4 Qd2 25. Qe5 Qd4 26. Qxc7 Ne4 27. Nd3 Rd7 28. Qc8+ Kg7 29. Re1 Nd2 30. Re8 Nf3+ 31. Kh1 Qd5 32. Rg8+ Kf6 33. Nf4 Qd1+ 34. Kg2 Ne1+ 35. Kh3 Nxc2 36. Qf8 Qf1+ 37. Kh4 Qxf2 38. Qg7+ Ke7 39. Qe5# 1-0

[Event "Montreal op U2000"]
[Site "Montreal CAN"]
[Date "2011.09.09"]
[Round "1"]
[White "Pregent, Daniel"]
[Black "Langlois-Remillard, Alexis"]
[Result "0-1"]
[WhiteElo "1809"]
[BlackElo "1595"]
[PlyCount "108"]
[GameId "2160767909648488"]
[EventDate "2011.09.09"]
[EventType "swiss"]
[EventRounds "5"]
[EventCountry "CAN"]
[SourceTitle "EXT 2022"]
[Source "ChessBase"]
[SourceDate "2021.10.06"]
[SourceVersion "1"]
[SourceVersionDate "2021.10.06"]
[SourceQuality "1"]

1. d4 d5 2. c4 Nc6 3. cxd5 Qxd5 4. e3 e5 5. Nc3 Bb4 6. Bd2 Bxc3 7. bxc3 Nf6 8. f3 exd4 9. cxd4 O-O 10. Qb3 Re8 11. Bc4 Qxd4 12. Bxf7+ Kf8 13. Rd1 Re7 14. Ne2 Qd6 15. Bc4 b6 16. O-O Be6 17. Bc3 Bxc4 18. Qxc4 Qe6 19. Qxe6 Rxe6 20. e4 Ne5 21. Nf4 Ree8 22. Rd4 c5 23. Rd6 Nc4 24. Rc6 Rad8 25. Ne6+ Rxe6 26. Rxe6 Kf7 27. Rc6 Ne8 28. Kf2 Ke7 29. Ke2 Ncd6 30. Rd1 Nb5 31. Rxd8 Nxc3+ 32. Kd3 Kxd8 33. Re6 Kd7 34. Re5 Nxa2 35. Rh5 Nb4+ 36. Kc4 Nd6+ 37. Kc3 h6 38. e5 Nd5+ 39. Kb3 c4+ 40. Kc2 Nf7 41. g3 g6 42. Rh4 b5 43. Rd4 Ke6 44. f4 a5 45. g4 Nd8 46. h4 Nc6 47. Re4 b4 48. h5 gxh5 49. f5+ Ke7 50. gxh5 a4 51. Kc1 c3 52. e6 a3 53. Kb1 b3 54. Rc4 c2+ 0-1

[Event "Montreal op U2000"]
[Site "Montreal CAN"]
[Date "2011.09.09"]
[Round "1"]
[White "Ramaswamy, Kiran"]
[Black "Hayne, Alexander"]
[Result "1-0"]
[WhiteElo "1963"]
[BlackElo "1737"]
[PlyCount "65"]
[GameId "2160767909648489"]
[EventDate "2011.09.09"]
[EventType "swiss"]
[EventRounds "5"]
[EventCountry "CAN"]
[SourceTitle "EXT 2022"]
[Source "ChessBase"]
[SourceDate "2021.10.06"]
[SourceVersion "1"]
[SourceVersionDate "2021.10.06"]
[SourceQuality "1"]

1. c4 Nf6 2. g3 g6 3. Bg2 Bg7 4. Nc3 O-O 5. e4 d6 6. Nge2 c5 7. O-O Nc6 8. f4 Rb8 9. h3 e6 10. d3 Ne8 11. Rb1 f5 12. Be3 Nc7 13. e5 dxe5 14. Bxc5 Rf7 15. fxe5 Nxe5 16. Bxa7 Ra8 17. Be3 Rd7 18. Qb3 Rxd3 19. Rbd1 Nc6 20. Nf4 Rxd1 21. Rxd1 Qe7 22. Nb5 Nxb5 23. cxb5 Na5 24. Qc2 Bd7 25. Qc7 Rc8 26. Qxd7 Qxd7 27. Rxd7 e5 28. Bd5+ Kh8 29. Ne6 Bf6 30. Rf7 f4 31. gxf4 exf4 32. Bxf4 Bxb2 33. Ng5 1-0

[Event "Montreal op U2000"]
[Site "Montreal CAN"]
[Date "2011.09.09"]
[Round "1"]
[White "Sarrazin-Gendron, Roman"]
[Black "Lalumiere, Claude"]
[Result "1-0"]
[WhiteElo "1954"]
[BlackElo "1778"]
[PlyCount "31"]
[GameId "2160767909648490"]
[EventDate "2011.09.09"]
[EventType "swiss"]
[EventRounds "5"]
[EventCountry "CAN"]
[SourceTitle "EXT 2022"]
[Source "ChessBase"]
[SourceDate "2021.10.06"]
[SourceVersion "1"]
[SourceVersionDate "2021.10.06"]
[SourceQuality "1"]

1. Nf3 d5 2. c4 c6 3. b3 Nf6 4. g3 Bf5 5. Bg2 Na6 6. O-O e6 7. Bb2 Be7 8. h3 h5 9. d3 Qb6 10. Nbd2 Bd6 11. e4 dxe4 12. dxe4 Bxe4 13. Bxf6 Bd3 14. Bxg7 Rg8 15. Ne4 Bxf1 16. Qxd6 1-0

[Event "Montreal op U2000"]
[Site "Montreal CAN"]
[Date "2011.09.09"]
[Round "1"]
[White "Scheele, Markus"]
[Black "Yip, William"]
[Result "1-0"]
[WhiteElo "1800"]
[BlackElo "1555"]
[PlyCount "96"]
[GameId "2160767909648491"]
[EventDate "2011.09.09"]
[EventType "swiss"]
[EventRounds "5"]
[EventCountry "CAN"]
[SourceTitle "EXT 2022"]
[Source "ChessBase"]
[SourceDate "2021.10.06"]
[SourceVersion "1"]
[SourceVersionDate "2021.10.06"]
[SourceQuality "1"]

1. d4 d5 2. c4 e6 3. Nc3 c6 4. Nf3 dxc4 5. a4 Bb4 6. e4 b5 7. Be2 Bb7 8. O-O a6 9. Qc2 Ne7 10. Bf4 O-O 11. Rfd1 Qb6 12. h4 Ng6 13. Bg3 Rd8 14. e5 Ne7 15. Na2 Nd5 16. Ng5 g6 17. Nxb4 Nxb4 18. Qc3 Nd5 19. Qf3 Qc7 20. h5 h6 21. Ne4 Qe7 22. Qg4 g5 23. Ra3 Nd7 24. f4 f5 25. exf6 N7xf6 26. Qf3 g4 27. Nxf6+ Nxf6 28. Qe3 Rd5 29. Bh4 Kf7 30. Bxg4 Nxg4 31. Qg3 Qd6 32. Qxg4 Rg8 33. Qe2 Rxd4 34. Rf1 c5 35. Rf2 Rxf4 36. g3 Rf5 37. axb5 Qe5 38. Rxf5+ Qxf5 39. bxa6 Bd5 40. Ra1 Kg7 41. Rf1 Qe4 42. Qxe4 Bxe4 43. Bf6+ Kh7 44. Be5 Ra8 45. Rf7+ Kg8 46. Rg7+ Kf8 47. a7 Rd8 48. Kf2 Rd5 1-0

[Event "Montreal op U2000"]
[Site "Montreal CAN"]
[Date "2011.09.09"]
[Round "1"]
[White "Shi, Yang Tian Jiao (Sky"]
[Black "Giroux, Robert"]
[Result "0-1"]
[WhiteElo "1613"]
[BlackElo "1834"]
[PlyCount "54"]
[GameId "2160767909648492"]
[EventDate "2011.09.09"]
[EventType "swiss"]
[EventRounds "5"]
[EventCountry "CAN"]

1. d4 g6 2. c4 Bg7 3. Nc3 c5 4. e3 Nf6 5. Nf3 O-O 6. Bd3 cxd4 7. exd4 d5 8. c5 Nc6 9. a3 Bg4 10. Be3 e5 11. Be2 Bxf3 12. Bxf3 exd4 13. Bxd4 Nxd4 14. Qxd4 Ne4 15. Qd3 Nxc3 16. bxc3 Qe7+ 17. Kf1 Qxc5 18. Qxd5 Qxc3 19. Re1 Bd4 20. Qxb7 Rab8 21. Qd7 Rb2 22. Be2 Rfb8 23. h4 Rb1 24. Rd1 Rxd1+ 25. Bxd1 Qd3+ 26. Kg1 Qxd1+ 27. Kh2 Be5+ 0-1

[Event "Montreal op U2000"]
[Site "Montreal CAN"]
[Date "2011.09.09"]
[Round "1"]
[White "Yu, Kexin"]
[Black "Pomerantz, Daniel"]
[Result "0-1"]
[WhiteElo "1719"]
[BlackElo "1927"]
[PlyCount "76"]
[GameId "2160767909648493"]
[EventDate "2011.09.09"]
[EventType "swiss"]
[EventRounds "5"]
[EventCountry "CAN"]
[SourceTitle "EXT 2022"]
[Source "ChessBase"]
[SourceDate "2021.10.06"]
[SourceVersion "1"]
[SourceVersionDate "2021.10.06"]
[SourceQuality "1"]

1. c4 e5 2. Nc3 Nc6 3. g3 g6 4. Bg2 Bg7 5. Nf3 f5 6. d3 Nf6 7. O-O O-O 8. Rb1 d6 9. b4 Ne7 10. Qb3 Be6 11. Ng5 Bc8 12. e4 c6 13. c5+ d5 14. Re1 h6 15. Nf3 fxe4 16. dxe4 Qc7 17. exd5 Nfxd5 18. Bb2 Be6 19. Qa3 a5 20. b5 Nb4 21. b6 Qb8 22. Rec1 Kh7 23. Ne4 Bxa2 24. Ra1 Bd5 25. Nd6 Nf5 26. Nxe5 Nxd6 27. Nd7 Nb5 28. Nxf8+ Qxf8 29. Bxg7 Qxg7 30. Qe3 Bxg2 31. Kxg2 Nc2 32. Rxc2 Qxa1 33. Rd2 Qg7 34. Qe6 Nd4 35. Qc4 Rd8 36. Ra2 Qe7 37. f3 Qf6 38. Rf2 Nxf3 0-1

[Event "Montreal op U2000"]
[Site "Montreal CAN"]
[Date "2011.09.10"]
[Round "2"]
[White "Baran, Marius"]
[Black "Turcotte, Jonathan"]
[Result "0-1"]
[WhiteElo "1783"]
[BlackElo "1982"]
[PlyCount "66"]
[GameId "2160767909648494"]
[EventDate "2011.09.09"]
[EventType "swiss"]
[EventRounds "5"]
[EventCountry "CAN"]
[SourceTitle "EXT 2022"]
[Source "ChessBase"]
[SourceDate "2021.10.06"]
[SourceVersion "1"]
[SourceVersionDate "2021.10.06"]
[SourceQuality "1"]

1. d4 d5 2. c4 c6 3. cxd5 cxd5 4. Nc3 Nf6 5. Bg5 e6 6. Bxf6 Qxf6 7. Nf3 Nc6 8. e3 g6 9. Rc1 Bg7 10. Bb5 O-O 11. O-O Qe7 12. Qb3 Rd8 13. Rfd1 Bd7 14. h4 Rac8 15. Bd3 Be8 16. a3 Na5 17. Qa2 Nc4 18. Qb1 b5 19. h5 a5 20. hxg6 hxg6 21. e4 b4 22. Bxc4 Rxc4 23. Na2 bxa3 24. Rxc4 dxc4 25. bxa3 Qxa3 26. Rc1 Qb3 27. Qc2 Qxc2 28. Rxc2 Ba4 29. Rc3 Bb3 30. Nc1 a4 31. Kf1 Rb8 32. Ne5 Bxe5 33. dxe5 a3 0-1

[Event "Montreal op U2000"]
[Site "Montreal CAN"]
[Date "2011.09.10"]
[Round "2"]
[White "Blanchet, Robert"]
[Black "Efpraxiadis, Jean"]
[Result "1-0"]
[WhiteElo "1770"]
[BlackElo "1670"]
[PlyCount "49"]
[GameId "2160767909648495"]
[EventDate "2011.09.09"]
[EventType "swiss"]
[EventRounds "5"]
[EventCountry "CAN"]
[SourceTitle "EXT 2022"]
[Source "ChessBase"]
[SourceDate "2021.10.06"]
[SourceVersion "1"]
[SourceVersionDate "2021.10.06"]
[SourceQuality "1"]

1. e4 d6 2. d4 Nf6 3. Nc3 e5 4. dxe5 dxe5 5. Qxd8+ Kxd8 6. Bg5 c6 7. Nf3 Nbd7 8. O-O-O Ke8 9. h3 Bc5 10. Bh4 Bb6 11. Nd2 Bc7 12. Nc4 b5 13. Nd6+ Ke7 14. Ndxb5 cxb5 15. Nd5+ Kd8 16. Nxf6 gxf6 17. Bxf6+ Ke8 18. Bxh8 a6 19. Bg7 Bb6 20. Rd2 Bb7 21. Bd3 Rc8 22. Bh6 Nc5 23. Kb1 Rc6 24. Be3 Rd6 25. Bxb5+ 1-0

[Event "Montreal op U2000"]
[Site "Montreal CAN"]
[Date "2011.09.10"]
[Round "2"]
[White "Cardin, Guillaume"]
[Black "Barko, Maxim"]
[Result "0-1"]
[WhiteElo "1947"]
[BlackElo "1774"]
[PlyCount "84"]
[GameId "2160767909648496"]
[EventDate "2011.09.09"]
[EventType "swiss"]
[EventRounds "5"]
[EventCountry "CAN"]
[SourceTitle "EXT 2022"]
[Source "ChessBase"]
[SourceDate "2021.10.06"]
[SourceVersion "1"]
[SourceVersionDate "2021.10.06"]
[SourceQuality "1"]

1. d4 Nf6 2. c4 g6 3. Nc3 Bg7 4. e4 O-O 5. Bd3 d6 6. Nge2 e5 7. d5 Na6 8. O-O Nc5 9. Bc2 a5 10. f3 Ne8 11. Be3 b6 12. a3 f5 13. exf5 gxf5 14. f4 e4 15. Nd4 Nf6 16. h3 Qe8 17. Ncb5 Rf7 18. b4 axb4 19. axb4 Rxa1 20. Qxa1 Nd3 21. Qc3 Re7 22. Ra1 Nh5 23. Qd2 Ndxf4 24. Bxf4 e3 25. Bxe3 Rxe3 26. Rf1 Ng3 27. Rf3 Re1+ 28. Kh2 Nf1+ 29. Rxf1 Rxf1 30. Nc6 Be5+ 31. g3 Kh8 32. Kg2 Ra1 33. Nxc7 Qg8 34. Nxe5 dxe5 35. Qc3 Ra2 36. Qb3 f4 37. Qxa2 Qxg3+ 38. Kh1 Qxh3+ 39. Kg1 Qg3+ 40. Kh1 f3 41. Bd3 f2 42. Bf1 Qg1# 0-1

[Event "Montreal op U2000"]
[Site "Montreal CAN"]
[Date "2011.09.10"]
[Round "2"]
[White "Chang, Michael"]
[Black "Ramaswamy, Kiran"]
[Result "1-0"]
[WhiteElo "1779"]
[BlackElo "1963"]
[PlyCount "47"]
[GameId "2160767909648497"]
[EventDate "2011.09.09"]
[EventType "swiss"]
[EventRounds "5"]
[EventCountry "CAN"]
[SourceTitle "EXT 2022"]
[Source "ChessBase"]
[SourceDate "2021.10.06"]
[SourceVersion "1"]
[SourceVersionDate "2021.10.06"]
[SourceQuality "1"]

1. c4 Nf6 2. Nc3 d6 3. d3 g6 4. Nf3 Bg7 5. g3 O-O 6. Bg2 c5 7. O-O Na6 8. a3 Rb8 9. Rb1 Bd7 10. b4 cxb4 11. axb4 b5 12. cxb5 Bxb5 13. Nxb5 Rxb5 14. Nd4 Rb6 15. Nc6 Qc7 16. Be3 Rxc6 17. Bxc6 Qxc6 18. b5 Qd7 19. bxa6 Qh3 20. f3 Nd5 21. Bd2 Bd4+ 22. Kh1 f5 23. e4 Nf6 24. Qb3+ 1-0